Semut yang malas
| Main Author: | |
|---|---|
| Format: | Book |
| Published: |
Petaling Jaya :
Penerbit Pan Earth Sdn. Bhd. ,
1996
|
| Series: | Kiash Dan Teladan
|
| Subjects: |
MARC
| LEADER | 00000cam a2200000 7i4500 | ||
|---|---|---|---|
| 001 | 0000008515 | ||
| 002 | 000009280 | ||
| 005 | 20000330.0 | ||
| 020 | |a 9837504935 | ||
| 090 | 0 | 0 | |a JF |b SUL |
| 100 | 0 | |a Sulaiman Shahidan | |
| 245 | 1 | 0 | |a Semut yang malas |c Sulaiman Shahidan |
| 260 | |a Petaling Jaya : |b Penerbit Pan Earth Sdn. Bhd. , |c 1996 | ||
| 300 | |a 14p. : |b ill ; |c 17cm. | ||
| 490 | 0 | |a Kiash Dan Teladan | |
| 650 | 0 | 0 | |a Children's stories |
| 999 | |a 046042 |b BUKU |c PINJAMAN |e PERPUSTAKAAN KOMUNITI CAW KOTA DAMANSARA | ||
| 999 | |a 046043 |b BUKU |c PINJAMAN |e PERPUSTAKAAN KOMUNITI CAW KOTA DAMANSARA | ||